les pilotes de rallyes - Statistiques

Statistiques générales
  • Ce quiz a été pris 13 fois
  • Le résultat moyen est 5 sur 16
Statistiques - réponses
Par images Réponse % Correct
Michèle Mouton
92%
Ari Vatanen
83%
Colin Mcrae
50%
Didier Auriol
50%
Timo Salonen
42%
Juha Kankkunen
33%
Walter Rohrl
33%
Richard Burns
25%
Hannu Mikkola
17%
Miki Biasion
17%
Attilio Bettega
8%
François Delecourt
8%
Henry Toivonen
8%
Christine Dacremont
0%
Jean Claude Andruet
0%
Pat Moss
0%
Aucun quiz correspondant
Distribution des résultats
% des personnes avec chaque résultat
Percentile par nombre de réponses
Votre historique - résultats
Vous n’avez pas pris ce quiz